LEADER 00935nam a2200241 i 4500 001 000000211004 003 CaOOAMICUS 005 20120216000000.0 008 120216s1939 it u000 u ita u 013 $a189817 040 $aSeMil$bita 100 1 $aTassoni Estense, Alessandro.$0(OLS)http://semarc/name/75458 245 10$aEugenio di Savoia /$cAlessandro Tassoni Estense. 260 $aMilano :$bGarzanti,$c1939. 300 $a224 p., [9] c. di tav. ;$c19 cm. 490 0 $aPiccola collana storica 600 04$aEugenio : di Savoia <1663-1736>.$0(OLS)http://semarc/subject/39624 830 0$aPiccola collana storica.$0(OLS)http://semarc/title/35480 850 $aSeMil 852 $aSeMil$W1$xVenegono$y1$m3S II 199$j161451$B161451$CSeMilBibl$Z2$F172592 $81 961 $aRecupero: Altro 996 $6245$aEugenio di Savoia$9(OLS)http://semarc/title/304850 996 $6260$aMilano :$bGarzanti$9(OLS)http://semarc/publisher/29852 LEADER 00941nam a2200193 i 4500 001 000000005041 003 CaOOAMICUS 005 20201002104845.0 008 180830s2013 it u000 u ita u 040 $aSeMil$bita 100 1 $aGhiglione, Gianni <1946- >.$0(OLS)http://semarc/name/89403 245 10$aSan Francesco di Sales, padre, maestro e amico :$bla spiritualitą salesiana nelle Lettere /$cGianni Ghiglione. 260 $aTorino :$bElledici,$c2013. 300 $a2 v. ;$c19 cm. 650 4$aFrancesco : di Sales - Lettere e carteggi.$0(OLS)http://semarc/subject/413 774 0 $tDal 1593 al 1610.$kSpiritualitą e pedagogia salesiana$z978-88-01-05214-5$g1$w()255888 996 $6245$aSan Francesco di Sales, padre, maestro e amico :$bla spiritualitą salesiana nelle Lettere$9(OLS)http://semarc/title/400705 996 $6260$aTorino :$bElledici$9(OLS)http://semarc/publisher/30644